banner-ar

موسوعة المدن العربية والاسلامية / (Record no. 62674)

MARC details
000 -الفاتح
حقل البيانات ثابتة الطول 00537nam a2200169Ia 4500
005 - وقت وتاريخ اخر تعامل مع التسجيلة
رقم الضبط 20240530110601.0
008 - عناصر البيانات ثابتة الطول - معلومات عامة
حقل البيانات ثابتة الطول 140319s9999 xx 000 0 ara d
040 ## - مصدر الفهرسة
وكالة الفهرسة الأصلية GCL /
وكالة النسخ GCL
082 04 - رقم تصنيف ديوى العشرى
رقم الطبعة 21
رقم التصنيف 915.303\
رقم المادة ى م
100 1# - المدخل الرئيسى - إسم شخصى
الإسم الشخصى يحيى الشامى
245 10 - بيان العنوان
العنوان موسوعة المدن العربية والاسلامية /
بيان المسئوليه,etc يحيى الشامى
650 04 - المدخل الاضافى بالموضوع-مصطلح موضوعى
مصطلح موضوعي المدن الاسلامية
650 04 - المدخل الاضافى بالموضوع-مصطلح موضوعى
مصطلح موضوعي المدن العربية
650 04 - المدخل الاضافى بالموضوع-مصطلح موضوعى
مصطلح موضوعي العالم العربى - دوائر معارف
942 ## - عناصر المدخل الإضافي( كوها)
مصدر التصنيف او مخطط الترفيف Dewey Decimal Classification
Koha [default] item type المراجع
Holdings
حالة التراجع حالة الفقد حالة تلف ليس للاعارة المكان المؤقت الموقع الحالى تاريخ الاكتساب اجمالي اﻻعارات رقم الطلب الباركود تاريخ اخر مشاهدة تاريخ تفعيل السعر نوع وعاء كوها
        مكتبة القاهرة الكبرى مكتبة القاهرة الكبرى 09/18/2016   915.303\ ى م 162474 09/18/2016 09/18/2016 المراجع
        مكتبة القاهرة الكبرى مكتبة القاهرة الكبرى 09/18/2016   915.303\ ى م 162475 09/18/2016 09/18/2016 المراجع
        مكتبة القاهرة الكبرى مكتبة القاهرة الكبرى 09/18/2016   915.303\ ى م 162476 09/18/2016 09/18/2016 المراجع

Powered By

EGPV